Sports Quiz

Random Sports or NFL Quiz

Big 4 Most Consecutive Winning Seasons Quiz Stats

 Plays Quiz Updated Jul 16, 2018

Challenge
Share
Tweet
Embed
Score 0/62 Timer 08:00
10 Plays Today
Years Team % Correct
39 (1926-64)New York Yankees
97.6%
23* (1993-pres.)New York Yankees
97.6%
16 (1976-92)Los Angeles Lakers
91.9%
10 (1994-2004)Los Angeles Lakers
91.9%
10 (1972-81)Cincinnati Reds
90.1%
15 (1955-69)Boston Celtics
88.9%
14 (1979-93)Boston Celtics
88.9%
16 (1967-82)Boston Red Sox
85.9%
14 (1998-2011)Boston Red Sox
85.9%
10 (1954-63)New York Giants
85.1%
12 (1903-14)New York Giants
85.1%
10 (1916-25)New York Giants
85.1%
14 (1958-71)San Francisco Giants
85%
17* (2000-pres.)New England Patriots
85%
10 (1947-57)Detroit Red Wings
84.5%
20 (1966-85)Dallas Cowboys
83.8%
32 (1951-83)Montreal Canadiens
82.8%
10 (1984-94)Montreal Canadiens
82.8%
11 (1987-98)Chicago Bulls
82.1%
12 (1921-32)Green Bay Packers
81.7%
14 (1934-47)Green Bay Packers
81.6%
21* (1997-pres.)San Antonio Spurs
81.5%
24 (1991-2016)Detroit Red Wings
80.6%
29 (1967-96)Boston Bruins
80%
12 (2005-17)New York Rangers
79.9%
15 (1939-53)St. Louis Cardinals
78%
16 (1960-76)Chicago Black Hawks
74.8%
10 (1969-78)Los Angeles Dodgers
74.3%
13 (1945-57)Brooklyn Dodgers
74.1%
10 (1959-69)Toronto Maple Leafs
72.8%
16 (1983-98)San Francisco 49ers
71.6%
Years Team % Correct
14 (1926-39)Chicago Cubs
70%
17 (1951-67)Chicago White Sox
69.7%
15 (1991-2005)Atlanta Braves
67.3%
14 (1953-66)Milwaukee-Atlanta Braves
67.1%
11 (1990-2001)Pittsburgh Penguins
66.7%
12* (2006-pres.)Pittsburgh Penguins
66.7%
10 (1991-2001)New York Knicks
66.3%
14 (1974-88)New York Islanders
63.1%
16 (1965-80)Oakland Raiders
63%
10 (1946-55)Cleveland Browns
62.9%
13 (1957-69)Cleveland Browns
62.9%
12 (1975-87)Philadelphia 76ers
61.8%
11 (1978-88)Detroit Tigers
59.7%
13 (1918-30)Pittsburgh Pirates
59.3%
16 (1972-88)Philadelphia Flyers
59%
18 (1968-85)Baltimore Orioles
58.7%
12 (2000-12)Dallas Mavericks
56.4%
19 (1985-2004)Utah Jazz
56.1%
10 (1936-45)Washington Redskins
54.4%
10 (1947-56)Cleveland Indians
52.4%
15 (1999-2015)Vancouver Canucks
51.5%
15 (1996-2012)Dallas Stars
50.4%
13 (1994-2008)Quebec Nordiques-Colorado Avalanche
49.8%
11 (1983-93)Toronto Blue Jays
48.2%
18 (1991-2010)New Jersey Devils
46.9%
12 (1997-2010)Ottawa Senators
45.9%
14 (1989-2003)Portland Trail Blazers
44%
12 (1979-91)Milwaukee Bucks
41.6%
14* (2003-pres.)San Jose Sharks
41.2%
10 (2003-13)Denver Nuggets
33.5%
11 (1974-85)Buffalo Sabres
31.7%

You're not logged in!

Compare scores with friends on all Sporcle quizzes.
OR
Log In

You Might Also Like...

Show Comments

Extras

Top Quizzes Today


Score Distribution

Your Account Isn't Verified!

In order to create a playlist on Sporcle, you need to verify the email address you used during registration. Go to your Sporcle Settings to finish the process.

Report this User

Report this user for behavior that violates our Community Guidelines.

Details: